NCAA division 1 ohio college mascots - Statistics

General Stats
  • This quiz has been taken 178 times
  • The average score is 11 of 13
Answer Stats
Hint Answer % Correct
bobcats ohio
100%
buckeyes ohio st
100%
zips akron
98%
rockets toledo
95%
bearcats cincinnati
94%
flyers dayton
94%
golden flashes kent st
89%
redhawks miami
88%
penguins Youngstown st
80%
vikings cleveland st
79%
musketeers xavier
78%
falcons bowling green
77%
raiders wright st
60%
No matching quizzes found
Score Distribution
Percent of People with Each Score
Percentile by Number Answered
Your Score History
You have not taken this quiz